Datum a čas kvízu
31
Celkem bodů
Celkový počet nahraných bodů na tomto kvízu bez doplňovacích otázek.
3.
Pořadí na kvízu
Konečné umístění týmu na tomto kvízu.
Zaznamenané odpovědi
| # | Otázka | Odpověď | Body | Výsledky |
|---|---|---|---|---|
| 1. | Z jablonecké věznice Rýnovice... | Jaroslav Barták | 0 | |
| 2. | Ve které zemi minulý týden pro... | v Íránu | 1 | |
| 3. | Pátý ročník festivalu Serial K... | Brno | 1 | |
| 4. | V pondělí rozhodl soud, že jed... | Goodyear | 0 | |
| 5. | Generální manažer české hokejo... | Petr Nedvěd | 0 | |
| 6. | Vítězné téma facebookového hla... | C. Attlee, H. Truman, Stalin | 0.5 | |
| 7. | Vyberte název prvního vesmírné... | A | 0 | |
| 8. | Kdo dne 5. ledna 1968 nahradil... | Alexandr Dubček | 1 | |
| 9. | V roce 1988 došlo nad skotským... | Muammar Kaddáfí | 1 | |
| 10. | Seřaďte níže vypsané události... | 1D 2C 3B 4A | 0 |